| 000 | 01064nam0a22002531 4500 | ||
|---|---|---|---|
| 001 | rc\2309109 | ||
| 005 | 20110829141851.6 | ||
| 035 | _a(NLR Aleph) 006573356 | ||
| 090 |
_a6968840 _c6968840 |
||
| 100 | _a20110829d1977 |||y0rusy50 ca | ||
| 101 | 0 | _arus | |
| 102 | _aRU | ||
| 105 | _ay z ||||| | ||
| 200 | 1 |
_aВажнейший фактор роста производительности труда _fЗап. отд-ние ВАСХНИЛ. Секция экономики и организации с.-х. производства. С.-х. отд. Витеб. обкома КПБ. Упр. сельск. хоз-ва Витеб. облисполкома. Витеб. обл. гос. с.-х. опыт. станция |
|
| 210 |
_aВитебск _cБ. и. _d[1977] |
||
| 215 |
_a5 с. _d20 |
||
| 309 | _aБез тит. л. и обл. | ||
| 700 | 1 |
_aШабашов _bС. М. _gСергей Михайлович |
|
| 801 | 0 |
_aRU _bNLR _gpsbo |
|
| 801 | 1 |
_aRU _bELAR _2rusmarc |
|
| 852 |
_aNLR _j77-4/16988 |
||
| 899 |
_aRuMoRGB _jМ 77-12/1402 |
||
| 942 | _cBOOK | ||
| 980 | _aNB | ||